KONŠTRUKCIA DOPRAVNÉHO SYSTÉMU PRE PODVESNÉ LANOVÉ DOPRAVNÍKY.
Na minha lista:
| Autor principal: | |
|---|---|
| Outros Autores: | |
| Formato: | Manuscrito Livro |
| Idioma: | eslovaco |
| Publicado em: |
2016
|
| Assuntos: | |
| Acesso em linha: | http://is.stuba.sk/zp/portal_zp.pl?podrobnosti=133536 |
| Tags: |
Sem tags, seja o primeiro a adicionar uma tag!
|
MARC
| LEADER | 00000ntm a22000003a 4500 | ||
|---|---|---|---|
| 001 | stuzp57364 | ||
| 003 | SK-STU | ||
| 005 | 20160719155231.2 | ||
| 007 | ta | ||
| 008 | 150427s2015----xo-----f-mn---000-0-slo-d | ||
| 040 | |a STU |b slo | ||
| 041 | 0 | |a slo | |
| 100 | 1 | |a Urbanová, Mária |u 020070 |k Z4 |4 aut |U SjF Strojnícka fakulta |T SjF Ústav výrobných systémov, enviromentálnej techniky a manažment kvality |X 41985 |U J0070 |Y 804 |7 A000041985 | |
| 242 | 0 | 1 | |a Operation and construction assembly transport system for underslung cable conveyors |y eng |
| 245 | 1 | 0 | |a KONŠTRUKCIA DOPRAVNÉHO SYSTÉMU PRE PODVESNÉ LANOVÉ DOPRAVNÍKY. |
| 260 | |c 2016 | ||
| 650 | 4 | |a podvesný dopravník |2 slo | |
| 650 | 4 | |a prevádzka |2 slo | |
| 650 | 4 | |a lano |2 slo | |
| 650 | 4 | |a konštrukcia |2 slo | |
| 650 | 4 | |a construction |2 eng | |
| 650 | 4 | |a operation |2 eng | |
| 650 | 4 | |a overhead conveyor |2 eng | |
| 650 | 4 | |a cable |2 eng | |
| 700 | 1 | |a Tolnay, Marián |u 020070 |k Z1 |4 ths |U SjF Strojnícka fakulta |T SjF Ústav výrobných systémov, enviromentálnej techniky a manažment kvality |X 2403 |U J0070 |Y 804 |7 A000002403 | |
| 856 | 4 | |u http://is.stuba.sk/zp/portal_zp.pl?podrobnosti=133536 | |
| 996 | |b 284J043976 |c J* 2266/DP |l JJSK |s A |a 24 |w stuzp57364_0001 | ||
| SQL | |a stuzp57364 |b DDP |c SLO |d KONŠTRUKCIA DOPRAVNÉHO SYSTÉMU PRE PODVESNÉ LANOVÉ DOPRAVNÍKY. |e 41985 |f Urbanová, Mária |g 020070 |h 2403 |i Tolnay, Marián |j 20160616 |k 1326 |l 02 |m http://is.stuba.sk/zp/portal_zp.pl?podrobnosti=133536 |n I-EVT |o 5.2.50. výrobná technika | ||